The Theory of Machines : (Record no. 32292)
[ view plain ]
| 000 -LEADER | |
|---|---|
| fixed length control field | 00805cam a22002891 4500 |
| 001 - CONTROL NUMBER | |
| control field | 9809773 |
| 003 - CONTROL NUMBER IDENTIFIER | |
| control field | OSt |
| 005 - DATE AND TIME OF LATEST TRANSACTION | |
| control field | 20211102105713.0 |
| 008 - FIXED-LENGTH DATA ELEMENTS--GENERAL INFORMATION | |
| fixed length control field | 781106s1956 enka 001 0 eng |
| 010 ## - LIBRARY OF CONGRESS CONTROL NUMBER | |
| LC control number | 57000863 |
| 015 ## - NATIONAL BIBLIOGRAPHY NUMBER | |
| National bibliography number | GB56-11537 |
| 020 ## - INTERNATIONAL STANDARD BOOK NUMBER | |
| International Standard Book Number | 9788131729656 |
| 035 ## - SYSTEM CONTROL NUMBER | |
| System control number | (OCoLC)4350781 |
| 038 ## - RECORD CONTENT LICENSOR | |
| Staff Name | khadija |
| 040 ## - CATALOGING SOURCE | |
| Original cataloging agency | DLC |
| Transcribing agency | NbU |
| Modifying agency | Uk |
| -- | DLC |
| 042 ## - AUTHENTICATION CODE | |
| Authentication code | premarc |
| 050 00 - LIBRARY OF CONGRESS CALL NUMBER | |
| Classification number | TJ145 |
| Item number | .B48 2010 |
| 082 ## - DEWEY DECIMAL CLASSIFICATION NUMBER | |
| Classification number | 621.81 |
| Author Mark | BEV |
| 100 1# - MAIN ENTRY--PERSONAL NAME | |
| Personal name | Bevan, Thomas. |
| 9 (RLIN) | 41936 |
| 245 14 - TITLE STATEMENT | |
| Title | The Theory of Machines : |
| Remainder of title | A Text-book for Engineering Students / |
| Statement of responsibility, etc. | Bevan Thomas |
| 260 ## - PUBLICATION, DISTRIBUTION, ETC. | |
| Place of publication, distribution, etc. | London, |
| -- | New York, |
| Name of publisher, distributor, etc. | Longmans, Green |
| Date of publication, distribution, etc. | [1956] |
| 300 ## - PHYSICAL DESCRIPTION | |
| Extent | 621 p. |
| Other physical details | illus. |
| Dimensions | 23 cm. |
| 563 ## - BINDING INFORMATION | |
| Binding note | PB |
| 650 #0 - SUBJECT ADDED ENTRY--TOPICAL TERM | |
| Topical term or geographic name entry element | Mechanical engineering. |
| 906 ## - LOCAL DATA ELEMENT F, LDF (RLIN) | |
| a | 7 |
| b | cbc |
| c | oclcrpl |
| d | u |
| e | ncip |
| f | 19 |
| g | y-gencatlg |
| 942 ## - ADDED ENTRY ELEMENTS (KOHA) | |
| Source of classification or shelving scheme | |
| Koha item type | Book |
| Withdrawn status | Lost status | Source of classification or shelving scheme | Damaged status | Not for loan | Permanent Location | Current Location | Shelving location | Date acquired | Full call number | Barcode | Date last seen | Price effective from | Koha item type |
|---|---|---|---|---|---|---|---|---|---|---|---|---|---|
| School of Mechanical & Manufacturing Engineering (SMME) | School of Mechanical & Manufacturing Engineering (SMME) | General Stacks | 08/04/2015 | 621.81 BEV | SMME-928 | 03/27/2018 | 08/04/2015 | Book |
